000 00702nam a2200253 a 4500
001 nice12345678
003 IN_TiNIC
005 20260116012738.0
008 050524s1983 bera grp 000 0 eng
020 _a0520745
_c318.5
082 0 0 _a181.07
_bKED
100 _aKeddie, Nikki R
245 _aIslamic Response to Imperialism
_b Political and Religious Writings of Say
260 _aBerkeley
_bUniversity of California Press
_c1983
300 _a212p
500 _aincludes index and biblioraphy
505 2 _aBibliography, Index
650 _aPhilosophy-Islamic
650 _aIslam and Politics
700 1 _aKeddie, Nikki R
902 _bSRS
942 _cBK
999 _c8204
_d8204